[Event "HUN-chT2 Asztalos 1819"]
[Site "Hungary"]
[Date "2019.03.31"]
[Round "8.2"]
[White "Mathe, Gaspar"]
[Black "Halasz, Attila"]
[Result "1/2-1/2"]
[WhiteElo "2293"]
[BlackElo "2125"]
[PlyCount "20"]
[EventDate "2018.10.28"]
[EventType "team-tourn"]
[EventRounds "9"]
[EventCountry "HUN"]
[SourceTitle "EXT 2021"]
[Source "ChessBase"]
[SourceDate "2020.10.23"]
[SourceVersion "1"]
[SourceVersionDate "2020.10.23"]
[SourceQuality "1"]
[WhiteTeam "Nagyatad"]
[BlackTeam "Szentlorinc"]
[WhiteTeamCountry "HUN"]
[BlackTeamCountry "HUN"]

1. e4 c6 2. d4 d5 3. exd5 cxd5 4. Bd3 Nc6 5. c3 Nf6 6. Bf4 g6 7. Nf3 Bg4 8. Nbd2 Bg7 9. h3 0-0 10. 0-0 a6 1/2-1/2

[Event "HUN-chT2 Asztalos 1819"]
[Site "Hungary"]
[Date "2019.02.24"]
[Round "6.2"]
[White "Mathe, Gaspar"]
[Black "Babits, Andras"]
[Result "1-0"]
[WhiteElo "2293"]
[BlackElo "2091"]
[PlyCount "95"]
[EventDate "2018.10.28"]
[EventType "team-tourn"]
[EventRounds "9"]
[EventCountry "HUN"]
[SourceTitle "CBM 189 Extra"]
[Source "ChessBase"]
[SourceDate "2019.06.03"]
[SourceVersion "1"]
[SourceVersionDate "2019.06.03"]
[SourceQuality "1"]
[WhiteTeam "Nagyatad"]
[BlackTeam "Marcali"]
[WhiteTeamCountry "HUN"]
[BlackTeamCountry "HUN"]

1. e4 e5 2. Nf3 Nc6 3. Bb5 a6 4. Ba4 Nf6 5. d3 d6 6. c3 Be7 7. Nbd2 0-0 8. Nf1 b5 9. Bc2 d5 10. Ng3 dxe4 11. dxe4 Qxd1+ 12. Bxd1 Re8 13. h3 h6 14. Be3 Bf8 15. Nh2 Na5 16. b3 Bb7 17. Bc2 c5 18. Ng4 Re6 19. Ke2 b4 20. cxb4 cxb4 21. Rhd1 Rc8 22. Rac1 Bc5 23. Bb1 Nxg4 24. Bxc5 Rec6 25. Nf5 Rxc5 26. Ne7+ Kh7 27. Nxc8 Rxc8 28. hxg4 Nc6 29. Rd7 Nd4+ 30. Kd1 Bc6 31. Rxf7 Rd8 32. Ke1 Kg6 33. Rc7 Bb5 34. R7c5 Re8 35. Rd1 Kf6 36. Bd3 Re6 37. f3 Rb6 38. Bc4 Bc6 39. Kf2 Bb7 40. Rd2 Bc6 41. f4 Nb5 42. Rxe5 Bb7 43. Rd7 Bc8 44. Rf7+ Kg6 45. Ree7 Bxg4 46. Rxg7+ Kh5 47. Re5+ Kh4 48. g3+ 1-0

[Event "CRO-chT1B 27th"]
[Site "Biograd"]
[Date "2018.09.20"]
[Round "6.14"]
[White "Mathe, Gaspar"]
[Black "Vernacki, Srdjan"]
[Result "1-0"]
[WhiteElo "2308"]
[BlackElo "2357"]
[PlyCount "113"]
[EventDate "2018.09.15"]
[EventType "team-swiss"]
[EventRounds "9"]
[EventCountry "CRO"]
[SourceTitle "CBM 186 Extra"]
[Source "ChessBase"]
[SourceDate "2018.08.24"]
[SourceVersion "1"]
[SourceVersionDate "2018.08.24"]
[SourceQuality "1"]
[WhiteTeam "Koprivnica Podravka"]
[BlackTeam "Strigova Stridon"]
[WhiteTeamCountry "CRO"]
[BlackTeamCountry "CRO"]

1. e4 c5 2. Nf3 e6 3. d4 cxd4 4. Nxd4 a6 5. Bd3 Nf6 6. 0-0 d6 7. c4 Be7 8. Nc3 0-0 9. b3 Qc7 10. Bb2 b6 11. Qe2 Bb7 12. Rac1 Nbd7 13. f4 Rfe8 14. Kh1 Rac8 15. Rce1 Nf8 16. f5 e5 17. Nc2 Qb8 18. Ne3 N8d7 19. Bc2 Qa8 20. Ned5 Nxd5 21. Nxd5 Bxd5 22. cxd5 b5 23. Bd3 Bg5 24. a4 bxa4 25. bxa4 Nc5 26. Ba3 a5 27. Bb5 Red8 28. Bc6 Qa7 29. Qc4 Rb8 30. Rb1 Be3 31. Bb5 Rdc8 32. Rbe1 Bd2 33. Re2 Bg5 34. Qa2 h5 35. Ree1 h4 36. Qe2 Qe7 37. Rf3 Bf4 38. Rc3 Qg5 39. Bxc5 dxc5 40. Rd1 g6 41. fxg6 fxg6 42. d6 Kg7 43. d7 Rf8 44. Rf3 Bg3 45. Rdf1 Bf4 46. Rd1 Bg3 47. Rxf8 Rxf8 48. Qd2 Qd8 49. Qd6 Bf2 50. Qxe5+ Kh7 51. Qe6 Bd4 52. Qe8 Qf6 53. e5 Qf4 54. Qe7+ Kh6 55. d8Q Rxd8 56. Qxd8 Bxe5 57. Qd2 1-0

[Event "HUN-chT2 Asztalos 1718"]
[Site "Hungary"]
[Date "2018.03.04"]
[Round "7.2"]
[White "Toth, Daniel3333"]
[Black "Mathe, Gaspar"]
[Result "1/2-1/2"]
[WhiteElo "2138"]
[BlackElo "2310"]
[PlyCount "109"]
[EventDate "2017.10.29"]
[EventType "team-tourn"]
[EventRounds "9"]
[EventCountry "HUN"]
[SourceTitle "EXT 2021"]
[Source "ChessBase"]
[SourceDate "2020.10.23"]
[SourceVersion "1"]
[SourceVersionDate "2020.10.23"]
[SourceQuality "1"]
[WhiteTeam "Marcali"]
[BlackTeam "Nagyatad"]
[WhiteTeamCountry "HUN"]
[BlackTeamCountry "HUN"]

1. c4 e6 2. g3 d5 3. Nf3 Nf6 4. Bg2 Be7 5. 0-0 0-0 6. d4 Nbd7 7. Qc2 b6 8. cxd5 Nxd5 9. a3 c5 10. dxc5 bxc5 11. Rd1 Bb7 12. Nbd2 Rc8 13. Nc4 N5f6 14. Bf4 Bd5 15. Nfe5 Bxg2 16. Kxg2 Qc7 17. Nxd7 Qc6+ 18. f3 Nxd7 19. Bd6 Bxd6 20. Rxd6 Qc7 21. Rad1 Nf6 22. Qa4 h5 23. Ra6 Ra8 24. Qc6 Qe7 25. Qd6 Qb7 26. Rc6 Nd5 27. Rxc5 Rad8 28. Qe5 Nf4+ 29. Qxf4 Rxd1 30. Rxh5 Rd5 31. Qe4 g6 32. Rh6 Qe7 33. Ne3 Rb5 34. a4 Qg5 35. axb5 Qxh6 36. Qd4 Qg7 37. Nc2 Rc8 38. Qxg7+ Kxg7 39. Nd4 Rc5 40. b4 Rd5 41. Nc6 Rxb5 42. Nxa7 Rxb4 43. Nc6 Ra4 44. h4 Kf6 45. f4 Kf5 46. Kf3 Kf6 47. e4 Kg7 48. e5 Rc4 49. Na5 Rc3+ 50. Kg4 Kf8 51. Nb7 Ke7 52. Kh3 Kd7 53. Kg4 Ke7 54. Kh3 Kd7 55. Kg4 1/2-1/2

[Event "HUN-chT2 Asztalos 1718"]
[Site "Hungary"]
[Date "2017.12.17"]
[Round "4.2"]
[White "Mathe, Gaspar"]
[Black "Nemeth, Antal"]
[Result "1/2-1/2"]
[WhiteElo "2310"]
[BlackElo "2252"]
[PlyCount "74"]
[EventDate "2017.10.29"]
[EventType "team-tourn"]
[EventRounds "9"]
[EventCountry "HUN"]
[SourceTitle "EXT 2021"]
[Source "ChessBase"]
[SourceDate "2020.10.23"]
[SourceVersion "1"]
[SourceVersionDate "2020.10.23"]
[SourceQuality "1"]
[WhiteTeam "Nagyatad"]
[BlackTeam "Baja"]
[WhiteTeamCountry "HUN"]
[BlackTeamCountry "HUN"]

1. e4 c5 2. Nf3 e6 3. Nc3 a6 4. g3 Nc6 5. Bg2 Qc7 6. 0-0 Nf6 7. a4 Be7 8. b3 0-0 9. Bb2 b6 10. Re1 d6 11. d4 cxd4 12. Nxd4 Bb7 13. Nce2 Rac8 14. c4 Rfd8 15. Nxc6 Bxc6 16. Nd4 Bd7 17. Qd2 Rb8 18. Ba3 Be8 19. Bb4 Bf8 20. f4 Nd7 21. Qe3 Nc5 22. f5 e5 23. Ne2 Ra8 24. Nc3 Nxb3 25. Nd5 Qxc4 26. Ra3 Nd4 27. Rc3 Qa2 28. Ba3 Rac8 29. Nb4 Rxc3 30. Qxc3 Ne2+ 31. Rxe2 Qxe2 32. Bf3 Rc8 33. Qxc8 Qxf3 34. Qxe8 Qe3+ 35. Kf1 Qf3+ 36. Kg1 Qe3+ 37. Kf1 Qf3+ 1/2-1/2

[Event "HUN-chT2 Asztalos 1617"]
[Site "Hungary"]
[Date "2017.02.26"]
[Round "9.1"]
[White "Jesenski, Tibor"]
[Black "Mathe, Gaspar"]
[Result "1/2-1/2"]
[WhiteElo "2344"]
[BlackElo "2313"]
[PlyCount "60"]
[EventDate "2016.09.25"]
[EventType "team-tourn"]
[EventRounds "11"]
[EventCountry "HUN"]
[SourceTitle "EXT 2021"]
[Source "ChessBase"]
[SourceDate "2020.10.23"]
[SourceVersion "1"]
[SourceVersionDate "2020.10.23"]
[SourceQuality "1"]
[WhiteTeam "Baja"]
[BlackTeam "Nagyatad"]
[WhiteTeamCountry "HUN"]
[BlackTeamCountry "HUN"]

1. d4 Nf6 2. c4 e6 3. g3 d5 4. Nf3 Bb4+ 5. Bd2 Bxd2+ 6. Nbxd2 0-0 7. Bg2 b6 8. Ne5 Bb7 9. 0-0 c5 10. dxc5 bxc5 11. Rc1 Qb6 12. Nb3 Na6 13. Qd2 Rfd8 14. cxd5 Bxd5 15. Qf4 Rac8 16. g4 h6 17. h4 Qc7 18. Qe3 Bxg2 19. Kxg2 Nd5 20. Qe4 Nf6 21. Qe3 Rd5 22. f4 Nd7 23. Nc4 Nb4 24. Qf3 Nxa2 25. Ra1 Nb4 26. Ne3 Rd6 27. Nc4 Ra6 28. Rxa6 Nxa6 29. g5 h5 30. Qxh5 Qb7+ 1/2-1/2

[Event "HUN-chT2 Asztalos 1617"]
[Site "Hungary"]
[Date "2016.11.13"]
[Round "4.2"]
[White "Mathe, Gaspar"]
[Black "Halasz, Attila"]
[Result "1-0"]
[WhiteElo "2313"]
[BlackElo "2156"]
[PlyCount "93"]
[EventDate "2016.09.25"]
[EventType "team-tourn"]
[EventRounds "11"]
[EventCountry "HUN"]
[SourceTitle "EXT 2021"]
[Source "ChessBase"]
[SourceDate "2020.10.23"]
[SourceVersion "1"]
[SourceVersionDate "2020.10.23"]
[SourceQuality "1"]
[WhiteTeam "Nagyatad"]
[BlackTeam "Szentlorinc"]
[WhiteTeamCountry "HUN"]
[BlackTeamCountry "HUN"]

1. Nf3 Nf6 2. c4 e6 3. g3 d5 4. Bg2 c6 5. b3 Be7 6. Bb2 Nbd7 7. 0-0 0-0 8. d4 Ne4 9. Nfd2 Nxd2 10. Qxd2 f5 11. f3 Bg5 12. Qd3 f4 13. e3 fxg3 14. hxg3 Nf6 15. Nc3 dxc4 16. bxc4 e5 17. f4 exf4 18. exf4 Bh6 19. Ne4 Bf5 20. Nxf6+ Qxf6 21. Qc3 Qg6 22. Rae1 Rae8 23. Re5 Bd3 24. Rd1 Rxe5 25. dxe5 Be4 26. Bxe4 Qxe4 27. Qd3 Qxd3 28. Rxd3 g5 29. Rd6 Bg7 30. Bc1 Re8 31. Kg2 h5 32. Rg6 gxf4 33. gxf4 Kf7 34. Rg5 b5 35. Rxh5 bxc4 36. Rh3 Ke6 37. Kf3 Kd5 38. Rh7 Rg8 39. Bb2 a5 40. Rh1 Bf8 41. Rd1+ Ke6 42. Rd8 Rh8 43. Ke4 Rh2 44. f5+ Ke7 45. Rb8 c3 46. Ba3+ Kd7 47. Rxf8 1-0

[Event "HUN-chT2 Asztalos 1516"]
[Site "Hungary"]
[Date "2016.02.14"]
[Round "7.1"]
[White "Horvath, Miklos"]
[Black "Mathe, Gaspar"]
[Result "1/2-1/2"]
[WhiteElo "2205"]
[BlackElo "2321"]
[PlyCount "107"]
[EventDate "2015.09.13"]
[EventType "team-tourn"]
[EventRounds "11"]
[EventCountry "HUN"]
[SourceTitle "EXT 2017"]
[Source "ChessBase"]
[SourceDate "2016.10.25"]
[SourceVersion "1"]
[SourceVersionDate "2016.10.25"]
[SourceQuality "1"]
[WhiteTeam "Fehervar"]
[BlackTeam "Nagyatad"]
[WhiteTeamCountry "HUN"]
[BlackTeamCountry "HUN"]

1. e4 e5 2. Nf3 Nc6 3. Bb5 a6 4. Bxc6 dxc6 5. 0-0 Qd6 6. d3 f6 7. Be3 c5 8. Nbd2 Be6 9. Nc4 Qd7 10. a4 Bd6 11. b3 Ne7 12. Nfd2 g5 13. Nxd6+ cxd6 14. c4 0-0 15. Nb1 b5 16. axb5 axb5 17. Nc3 b4 18. Nd5 Bxd5 19. exd5 Kg7 20. h3 h6 21. Qe2 f5 22. f3 Qb7 23. Rxa8 Rxa8 24. Bxc5 Qc7 25. Bf2 Ra3 26. Rb1 Qa5 27. d4 Ra2 28. Qe1 Ng6 29. g3 h5 30. dxe5 Nxe5 31. Bd4 Kf8 32. Qe3 Rc2 33. Bxe5 dxe5 34. Re1 Qa2 35. Qc5+ Kg8 36. Qc8+ Kg7 37. Qd7+ Kg8 38. Qe8+ Kh7 39. Qxh5+ Kg7 40. Qxg5+ Kh8 41. Qh6+ Kg8 42. Qe6+ Kh7 43. Qxf5+ Kg8 44. Qg5+ Kh7 45. Qe7+ Kg8 46. Qd8+ Kh7 47. Qc7+ Kg8 48. Qb8+ Kh7 49. Qb7+ Kg8 50. Qc8+ Kh7 51. Qd7+ Kg8 52. Qe8+ Kh7 53. Qf7+ Kh8 54. Qf6+ 1/2-1/2

[Event "HUN-chT2 Asztalos 1415"]
[Site "Hungary"]
[Date "2014.12.14"]
[Round "4"]
[White "Mathe, Gaspar"]
[Black "Kele, Karoly"]
[Result "1-0"]
[WhiteElo "2316"]
[BlackElo "2121"]
[PlyCount "43"]
[EventDate "2014.10.12"]
[EventType "team-tourn"]
[EventRounds "9"]
[EventCountry "HUN"]
[SourceTitle "EXT 2016"]
[Source "ChessBase"]
[SourceDate "2015.10.08"]
[SourceVersion "1"]
[SourceVersionDate "2015.10.08"]
[SourceQuality "1"]
[WhiteTeam "Nagyatad"]
[BlackTeam "Pecs Karmin"]
[WhiteTeamCountry "HUN"]
[BlackTeamCountry "HUN"]

1. Nf3 Nf6 2. d4 e6 3. c4 b6 4. Nc3 Bb7 5. Qc2 c5 6. e4 cxd4 7. Nxd4 d6 8. Be2 Nc6 9. Be3 Be7 10. Rd1 a6 11. Nxc6 Bxc6 12. e5 Ng8 13. exd6 Bg5 14. d7+ Bxd7 15. Rxd7 Qxd7 16. Bxg5 Ne7 17. Na4 Nc8 18. Bf3 Rb8 19. Bf4 Nd6 20. 0-0 f6 21. c5 e5 22. cxd6 1-0

[Event "Neumarkt am Wallersee op 13th"]
[Site "Neumarkt am Wallersee"]
[Date "2014.08.31"]
[Round "9"]
[White "Schein, Karl Heinz"]
[Black "Mathe, Gaspar"]
[Result "1/2-1/2"]
[WhiteElo "2179"]
[BlackElo "2323"]
[PlyCount "77"]
[EventDate "2014.08.23"]
[EventType "swiss"]
[EventRounds "9"]
[EventCountry "AUT"]
[SourceTitle "EXT 2016"]
[Source "ChessBase"]
[SourceDate "2015.10.08"]
[SourceVersion "1"]
[SourceVersionDate "2015.10.08"]
[SourceQuality "1"]

1. Nf3 d5 2. g3 g6 3. Bg2 Bg7 4. 0-0 e5 5. d3 Ne7 6. Nbd2 0-0 7. e4 c6 8. b3 Qc7 9. Bb2 d4 10. Qe2 c5 11. Nh4 g5 12. Nhf3 h6 13. Ne1 Ng6 14. c3 Nc6 15. c4 Be6 16. Nc2 Rfb8 17. Bf3 Qd7 18. Bh5 Nce7 19. f3 a6 20. Bg4 b5 21. Bxe6 fxe6 22. Rfb1 Nc6 23. Bc1 Bf8 24. Ne1 Bd6 25. Ng2 Qe7 26. Ne1 Kg7 27. Kg2 Bc7 28. cxb5 axb5 29. a4 bxa4 30. Rxa4 Rxa4 31. bxa4 Rxb1 32. Nxb1 c4 33. dxc4 Qb4 34. Na3 Qxa4 35. Nd3 Bd6 36. Qc2 Qxc2+ 37. Nxc2 Nge7 38. Ba3 Bxa3 39. Nxa3 1/2-1/2

[Event "Neumarkt am Wallersee op 13th"]
[Site "Neumarkt am Wallersee"]
[Date "2014.08.24"]
[Round "2"]
[White "Mathe, Gaspar"]
[Black "Pruell, Lukas"]
[Result "1-0"]
[WhiteElo "2323"]
[BlackElo "2008"]
[PlyCount "65"]
[EventDate "2014.08.23"]
[EventType "swiss"]
[EventRounds "9"]
[EventCountry "AUT"]
[SourceTitle "EXT 2016"]
[Source "ChessBase"]
[SourceDate "2015.10.08"]
[SourceVersion "1"]
[SourceVersionDate "2015.10.08"]
[SourceQuality "1"]

1. d4 Nf6 2. Nf3 g6 3. c4 Bg7 4. Nc3 d6 5. g3 0-0 6. Bg2 c6 7. 0-0 Qa5 8. h3 Be6 9. d5 cxd5 10. Nd4 dxc4 11. Bxb7 Nbd7 12. Nc6 Qh5 13. Nxe7+ Kh8 14. h4 Rab8 15. Bf3 Bg4 16. Bg2 Ne5 17. f3 Be6 18. Ned5 Nxd5 19. Nxd5 Nd3 20. Bg5 Nxb2 21. Qc2 Be5 22. Nf6 Bxf6 23. Bxf6+ Kg8 24. Bxb2 Qc5+ 25. Kh2 f6 26. Bc3 Qe3 27. Rad1 d5 28. Qd2 Qc5 29. f4 Rbd8 30. Qd4 Qa3 31. Rd2 Qe7 32. Rb1 Kg7 33. Bb4 1-0

[Event "CRO-chT"]
[Site "Bol"]
[Date "2014.05.16"]
[Round "4.3"]
[White "Kuljasevic, Davorin"]
[Black "Mathe, Gaspar"]
[Result "1-0"]
[WhiteElo "2560"]
[BlackElo "2352"]
[PlyCount "57"]
[EventDate "2014.05.14"]
[EventType "team-swiss"]
[EventRounds "6"]
[EventCountry "CRO"]
[SourceTitle "CBM 160 Extra"]
[Source "ChessBase"]
[SourceDate "2014.07.01"]
[SourceVersion "1"]
[SourceVersionDate "2014.07.01"]
[SourceQuality "1"]
[WhiteTeam "Rijeka Liburnija"]
[BlackTeam "Koprivnica Podravka"]
[WhiteTeamCountry "CRO"]
[BlackTeamCountry "CRO"]

1. d4 d5 2. c4 dxc4 3. Nf3 Nf6 4. e3 c5 5. Bxc4 e6 6. 0-0 a6 7. Bb3 Nc6 8. Nc3 cxd4 9. exd4 Be7 10. Bg5 0-0 11. Re1 Nb4 12. Qe2 b6 13. d5 Ra7 14. dxe6 fxe6 15. Bxe6+ Kh8 16. Rad1 Qc7 17. a3 Nc6 18. Bxf6 Bxf6 19. Nd5 Qb8 20. Bxc8 Qxc8 21. Nxb6 Qf5 22. Rd5 Qg6 23. Nd7 Rg8 24. Rd6 Nb8 25. Nfe5 Bxe5 26. Rxg6 Nxd7 27. Rxa6 Rxa6 28. Qxa6 Bxb2 29. Qb5 1-0

[Event "CRO-chT"]
[Site "Bol"]
[Date "2014.05.15"]
[Round "3.5"]
[White "Mathe, Gaspar"]
[Black "Bender, Ivan"]
[Result "0-1"]
[WhiteElo "2352"]
[BlackElo "2272"]
[PlyCount "122"]
[EventDate "2014.05.14"]
[EventType "team-swiss"]
[EventRounds "6"]
[EventCountry "CRO"]
[SourceTitle "CBM 160 Extra"]
[Source "ChessBase"]
[SourceDate "2014.07.01"]
[SourceVersion "1"]
[SourceVersionDate "2014.07.01"]
[SourceQuality "1"]
[WhiteTeam "Koprivnica Podravka"]
[BlackTeam "Dubrovnik"]
[WhiteTeamCountry "CRO"]
[BlackTeamCountry "CRO"]

1. e4 d5 2. exd5 Qxd5 3. Nc3 Qd6 4. d4 Nf6 5. Be2 c6 6. Bf3 Bf5 7. Nge2 e6 8. Bf4 Qd8 9. Ng3 Bg6 10. h4 h6 11. Qd2 Bb4 12. h5 Bh7 13. Be5 Nbd7 14. a3 Qa5 15. Bc7 Nb6 16. Rb1 Bxc3 17. bxc3 Nfd5 18. Bxd5 Qxd5 19. 0-0 Nc4 20. Qc1 b5 21. Ra1 Rc8 22. Bf4 Nb6 23. Re1 a5 24. Qd1 a4 25. Qg4 Rg8 26. Re5 Qd7 27. Re2 Nc4 28. Rae1 Kf8 29. Bc1 Re8 30. Ne4 Bxe4 31. Rxe4 Qd6 32. Qf3 Ke7 33. Rf4 f6 34. Rfe4 Kd7 35. Rg4 Nxa3 36. Qd3 Nc4 37. Qh7 Qe7 38. Bf4 g5 39. Qxe7+ Rxe7 40. Bh2 f5 41. Rg3 e5 42. dxe5 Rxe5 43. Rd3+ Rd5 44. f4 g4 45. Kf2 Re8 46. Ra1 Re6 47. Bg1 Red6 48. Ke2 c5 49. Bf2 Kc6 50. Rb1 a3 51. Ra1 b4 52. Rxd5 Rxd5 53. Be1 Kb5 54. Rb1 Nb2 55. Bd2 Kc4 56. cxb4 cxb4 57. Ra1 Na4 58. Ke1 Nc3 59. Rc1 Rxd2 60. Kxd2 Ne4+ 61. Kd1 Kc3 0-1

[Event "HUN-chT2 Asztalos 1314"]
[Site "Hungary"]
[Date "2014.02.16"]
[Round "5"]
[White "Mathe, Gaspar"]
[Black "Haszon, David"]
[Result "0-1"]
[WhiteElo "2325"]
[BlackElo "2272"]
[PlyCount "102"]
[EventDate "2013.09.08"]
[EventType "team-tourn"]
[EventRounds "9"]
[EventCountry "HUN"]
[SourceTitle "EXT 2016"]
[Source "ChessBase"]
[SourceDate "2015.10.08"]
[SourceVersion "1"]
[SourceVersionDate "2015.10.08"]
[SourceQuality "1"]
[WhiteTeam "Nagyatad"]
[BlackTeam "Marcali"]
[WhiteTeamCountry "HUN"]
[BlackTeamCountry "HUN"]

1. d4 Nf6 2. c4 g6 3. g3 Bg7 4. Bg2 0-0 5. Nc3 d6 6. Nf3 Nc6 7. 0-0 e5 8. dxe5 Nxe5 9. Nxe5 dxe5 10. Qxd8 Rxd8 11. Bg5 Rd4 12. Nd5 Nxd5 13. cxd5 e4 14. Rad1 f5 15. Bf4 c6 16. Rxd4 Bxd4 17. dxc6 bxc6 18. b3 Be6 19. Rd1 Bb6 20. Kf1 Bd5 21. Be5 a5 22. Bd4 Bc7 23. Bb2 a4 24. bxa4 Rxa4 25. a3 Rc4 26. Rc1 Ra4 27. Rd1 Bd6 28. f3 Bf8 29. fxe4 fxe4 30. e3 Ra7 31. Kf2 Rf7+ 32. Ke1 Rb7 33. Rd2 Rb3 34. Kf2 Bc5 35. Bd4 Bxa3 36. Rc2 Rb7 37. Bf1 Bf8 38. Bc4 Bg7 39. Bxg7 Kxg7 40. Bxd5 cxd5 41. Rc5 Rb2+ 42. Kf1 Rd2 43. Rc7+ Kh6 44. h3 g5 45. Rd7 Kg6 46. Rd6+ Kf5 47. Rh6 d4 48. Rxh7 d3 49. Re7 Rh2 50. g4+ Kf6 51. Rxe4 d2 0-1